000 00777nam a2200193Ii 4500
003 JO-AjNU
008 230605s9999||||xx |||||||||||||| ||und||
040 _aJO-AjNU
_bara
_erda
_cJO-AjNU
041 _aara
050 1 4 _aTD171.5.J65.J65 1991
100 3 _aاللجان القطاعية الوطنية لحماية البيئة في الاردن ,
_eauthor
_952653
245 0 0 _aالاستراتيجية الوطنية لحماية البيئة في الاردن
264 3 1 _aعمان :الاتحاد الدولي لصون الطبيعة والموارد البشرية ،1991
300 _a300ص
336 _atext
_btxt
_2rdacontent
337 _aunmediated
_bn
_2rdamedia
338 _avolume
_bnc
_2rdacarrier
650 4 _aحماية البئية -الاردن
_952654
999 _aA23337
_c26905
_d26905